000
00299nam a2200133Ia 4500
005
20251222144835.0
008
251222s9999||||xx |||||||||||||| ||spa||
020
_a
88-16-40240-7
082
_a
269/L35B
100
_a
Leclercq, Jean
245
0
_a
San Bernardo:
264
_b
Jaca Book
942
_c
LIB
999
_c
21019
_d
21019